Riconosci lo Stato - Quiz n°75 - Statistics

Statistiche generali
  • Questo quiz è stato fatto 30 volte
  • Il punteggio medio è 11 su 13
Statistiche sulle risposte
Indizio Risposta % Corretto
Valuta Som
96%
Popolazione 7 037 590 ab.
88%
Iniziale della Capitale B
88%
Primo ministro Akylbek Japarov
84%
Indipendenza Dall'URSS,
31 agosto 1991 (dichiarata),
25 dicembre 1991 (riconosciuta)
84%
Presidente della Repubblica Sadır Japarov
84%
Fuso Orario UTC+6
84%
Superficie 199 945 km²
80%
Forma di Governo Repubblica presidenziale
80%
ISU 0,664
72%
Tasso di crescita 0,89%
72%
PIL (nominale) 7 565 milioni di $
72%
Risposta Kirghizistan
72%
Nessun quiz corrispondente trovato
Distribuzione punteggi
Percentuale di utenti per punteggio
Percentile per numero di risposta
I tuoi punteggi nel tempo
Non hai fatto questo quiz